| 000 | 01820cam a22004694i 4500 | ||
|---|---|---|---|
| 003 | PE-LiUPU | ||
| 005 | 20250731173405.0 | ||
| 008 | 150706s2009 miua r 000 0 eng d | ||
| 020 | _a9780825418488 | ||
| 035 | _a(Sirsi) i9780825418488 | ||
| 040 |
_aPE-LiUPU _bspa _cPE-LiUPU _erda |
||
| 049 | _aPRUA | ||
| 082 | 0 | 4 |
_a251 _bW58 _221 |
| 100 | 1 |
_aWillhite, Keith, _eautor. |
|
| 245 | 1 | 0 |
_aPredicando con relevancia / _cKeith Willhite. |
| 264 | 1 |
_aMichigan : _bPortavoz, _c2009. |
|
| 300 |
_a143 páginas : _bilustraciones ; _c22 centímetros |
||
| 336 |
_atext _2rdacontent |
||
| 337 |
_aunmediated _2rdamedia |
||
| 338 |
_avolume _2rdacarrier |
||
| 505 | 0 | _aTome la perspectiva desde el banco -- Desarrolle una buena argumentación -- Despierte el interés por la palabra de Dios -- Utilice un lenguaje de aplicación -- Prepare un paquete global -- Reúna personas, propósito y propuesta -- Ajuste las preguntas -- Explique y muestre -- Ilustre en función del propósito -- ¡Sea claro!. | |
| 526 | _aSEG42 | ||
| 526 | _aSEG41 | ||
| 526 | _aSEG40 | ||
| 526 | _aSEG39 | ||
| 526 | _aP94 | ||
| 526 | _aP87 | ||
| 526 | _aP86 | ||
| 526 | _aP85 | ||
| 526 | _aP77 | ||
| 526 | _aP76 | ||
| 526 | _aP35 | ||
| 541 | _g001-001090; | ||
| 650 | 0 | 4 | _aPredicación. |
| 650 | 0 | 4 | _aHomilética. |
| 910 |
_agl _bjv _clch _d20110817 |
||
| 942 |
_2ddc _cBOOK |
||
| 949 |
_a251 W58 _wDEWEY _c1 _i63294 _lCCODEBUL1 _mBUL _p9.00 _r0 _sY _tBOOK _u2015-7-6 _xTEOLOGIA _PP35 _o.STAFF. Colección Teología |
||
| 994 |
_aC0 _bPEPRU |
||
| 596 | _a1 | ||
| 999 |
_a251 W58 _wDEWEY _c52294 _i63294 _d52294 _e2017-5-11 _f2021-11-10 _g5 _lCCODEBUL1 _mBUL _n1 _p9.00 _r0 _sY _tBOOK _u2015-7-6 _xTEOLOGIA _PP35 _0COMPRA _o.STAFF. Colección Teología |
||
| 980 |
_81 _gALBERTO SANCHEZ Responsable de Automatización |
||